[Event "XXII Open"]
[Site "Reykjavik ISL"]
[Date "2006.03.09"]
[Round "4"]
[White "Knutsson,L"]
[Black "Thorsteinsdottir,G"]
[Result "0-1"]
[WhiteElo "2112"]
[BlackElo "2147"]

1.e4 c5 2.c3 Nf6 3.e5 Nd5 4.d4 cxd4 5.Nf3 Nc6 6.cxd4 d6 7.Bc4 Nb6 8.Bb5 Bd7
9.Nc3 e6 10.O-O dxe5 11.dxe5 Qc7 12.Bf4 a6 13.Be2 f6 14.Bd3 O-O-O 15.Qe2 g5
16.Be3 g4 17.Nd2 Kb8 18.exf6 Bd6 19.g3 Ne5 20.Bxb6 Qxb6 21.Nc4 Nxc4 22.Bxc4 h5
23.Ne4 Bc7 24.Qe3 Bc6 25.Nc5 h4 26.b4 hxg3 27.fxg3 Rxh2 28.Rf4 Rdh8 29.Bf1 Rb2
30.Re4 Rxb4 31.Rxb4 Qxb4 32.Rd1 Rh1+ 33.Kf2 Qb2+ 34.Be2 Qxf6+ 35.Bf3 Rxd1  0-1

[Event "XXII Open"]
[Site "Reykjavik ISL"]
[Date "2006.03.10"]
[Round "5"]
[White "Scheeff,V"]
[Black "Kjartansson,G"]
[Result "0-1"]
[WhiteElo "2142"]
[BlackElo "2287"]

1.e4 c5 2.c3 Nf6 3.e5 Nd5 4.Nf3 e6 5.g3 d6 6.Bg2 Nc6 7.exd6 Bxd6 8.O-O O-O
9.Qe2 e5 10.Na3 Re8 11.d3 Bg4 12.h3 Bh5 13.Nc4 Bc7 14.a4 Qd7 15.Re1 Rad8
16.Qc2 Nf6 17.Be3 Bg6 18.Rad1 Bxd3 19.Qb3 b6 20.Bg5 Qe6 21.Nfd2 h6 22.Qb5 Na5
23.Bxf6 gxf6 24.Bf1 Bxf1 25.Rxf1 Nxc4 26.Nxc4 f5 27.Rfe1 f4 28.Kg2 fxg3 29.fxg3 e4
30.Ne3 Qe5 31.Nf1 f5 32.Rd7 Rxd7 33.Qxd7 Rd8 34.Qc6 Kg7 35.Re2 h5 36.h4 Kh7
37.Rf2 Bb8 38.a5 bxa5 39.Qb7+ Kg6 40.Qa6+ Rd6 41.Qb5 Bc7 42.Qe2 Rd3 43.Kh1 Rd6
44.Ne3 Rf6 45.Qc4 Kh7 46.Nd5 Rf8 47.Nf4 Qd6 48.Qe2 Qh6 49.Nxh5 Kg6 50.Nf4+ Bxf4
51.Rxf4 Qh5 52.Qxh5+ Kxh5 53.g4+ Kxh4 54.gxf5+ Kg3 55.Rxe4 Rxf5 56.Re7 Rf1+  0-1

[Event "Victor Ciocaltea Mem"]
[Site "Bucharest ROM"]
[Date "2006.03.11"]
[Round "4"]
[White "Lemmers,O"]
[Black "Murariu,A"]
[Result "0-1"]
[WhiteElo "2425"]
[BlackElo "2461"]

1.e4 c5 2.c3 Nf6 3.e5 Nd5 4.Bc4 Nb6 5.Bb3 c4 6.Bc2 Nc6 7.Nf3 Qc7 8.Qe2 g5
9.h3 Bg7 10.O-O Nxe5 11.Nxg5 d5 12.Re1 h6 13.Nf3 Nxf3+ 14.Qxf3 e5 15.Qg3 Bf6
16.d4 cxd3 17.Bxd3 Be6 18.a4 Nd7 19.Na3 a6 20.c4 dxc4 21.Bf1 Rc8 22.Rb1 Qc6
23.a5 Ke7 24.Bd2 Rcg8 25.Bb4+ Kd8 26.Qe3 h5 27.Rbd1 h4 28.Rd6 Qa4 29.Bc3 Be7
30.Rdd1 Kc8 31.Qa7 Bc5 32.Qa8+ Kc7 33.Rxd7+ Qxd7 34.Bxe5+ Kc6  0-1

[Event "XXII Open"]
[Site "Reykjavik ISL"]
[Date "2006.03.14"]
[Round "9"]
[White "Scheeff,V"]
[Black "Omarsson,D"]
[Result "1/2-1/2"]
[WhiteElo "2142"]
[BlackElo "1714"]

1.e4 c5 2.c3 Nf6 3.e5 Nd5 4.Nf3 Nc6 5.Bc4 Nb6 6.Bb3 d5 7.exd6 Qxd6 8.Na3 e5
9.O-O Be7 10.Re1 O-O 11.Qe2 Bf6 12.d3 Bf5 13.Be3 Bxd3 14.Bxc5 Qxc5 15.Qxd3 Rad8
16.Qf5 Nd5 17.Rad1 Nde7 18.Qe4 Rxd1 19.Rxd1 Rd8 20.Rxd8+ Nxd8 21.Nc4 Ndc6
22.Qd3 Ng6 23.Nd6 Nd8 24.Ne4 Qe7 25.g3 Ne6 26.Qd5 Qc7 27.Nxf6+ gxf6 28.h4 Ne7
29.Qd4 Qc6 30.Qg4+ Kh8 31.Bc2 Ng7 32.Qb4 Qd7 33.g4 Kg8 34.Qe4 Kf8 35.g5 fxg5
36.hxg5 Nc6 37.Kh2 Qd6 38.Kg2 Nh5 39.Qxh7 Nf4+ 40.Kf1 Qd5 41.Qe4 Qxa2 42.Kg1 Qxb2
43.Nxe5 Nxe5 44.Qxe5 Qxc2 45.Qxf4 Qxc3 46.Qb8+ Kg7 47.Qxa7 Qc1+ 48.Kh2 Qf4+
49.Kh3 Qf3+ 50.Kh4 Qf4+ 51.Kh3 b5 52.Qa1+ Kg6 53.Qa6+  1/2-1/2

[Event "Victor Ciocaltea Mem"]
[Site "Bucharest ROM"]
[Date "2006.03.16"]
[Round "9"]
[White "Lemmers,O"]
[Black "Chirila,I"]
[Result "0-1"]
[WhiteElo "2425"]
[BlackElo "2339"]

1.e4 c5 2.c3 Nf6 3.e5 Nd5 4.Nf3 e6 5.Bc4 Nc6 6.d4 cxd4 7.cxd4 d6 8.O-O Be7
9.a3 O-O 10.Re1 Qc7 11.Bd3 Bd7 12.exd6 Qxd6 13.Nc3 Nxc3 14.bxc3 Rac8 15.Ne5 g6
16.Bf4 Nxe5 17.Bxe5 Qc6 18.c4 Rfe8 19.Re3 Bd6 20.f4 f5 21.Rh3 Bxe5 22.fxe5 Qb6
23.Bf1 Bc6 24.Rb1 Qa5 25.Qc1 Red8 26.d5 exd5 27.e6 Qc5+ 28.Kh1 d4 29.Qg5 Qe5
30.e7 Rd7 31.c5 Rxe7 32.Bc4+ Kh8 33.Rf1 Rf8 34.Qxg6 Rg7  0-1

[Event "Glitnir Blitz"]
[Site "Reykjavik ISL"]
[Date "2006.03.16"]
[Round "3.2"]
[White "Erenburg,S"]
[Black "Gara,T"]
[Result "1-0"]
[WhiteElo "2573"]
[BlackElo "2265"]

1.e4 c5 2.c3 Nf6 3.e5 Nd5 4.d4 cxd4 5.Nf3 e6 6.cxd4 d6 7.Bc4 Nb6 8.Bb3 Nc6
9.O-O Be7 10.Nc3 dxe5 11.dxe5 Qxd1 12.Rxd1 Nd7 13.Bf4 a6 14.Ne4 b5 15.Nd6+ Bxd6
16.Rxd6 Na5 17.Rc1 Nb7 18.Rdc6 Kd8 19.Ng5 Rf8 20.Bxe6 Na5 21.Nxf7+ Rxf7 22.Bxf7 Nxc6
23.Rxc6 Ke7 24.e6 Nf8 25.Bg5+  1-0

[Event "Open"]
[Site "Bad Woerishofen GER"]
[Date "2006.03.18"]
[Round "2"]
[White "Graf,C"]
[Black "Saravanan,V1"]
[Result "1-0"]
[WhiteElo "2156"]
[BlackElo "2329"]

1.e4 c5 2.c3 Nf6 3.e5 Nd5 4.d4 cxd4 5.cxd4 d6 6.Nf3 e6 7.a3 Bd7 8.Bd3 Bc6
9.O-O Nd7 10.Bd2 dxe5 11.dxe5 Be7 12.Nc3 O-O 13.Rc1 Nxc3 14.Bxc3 Nc5 15.Be2 Qxd1
16.Rcxd1 Ba4 17.Rd4 Rfd8 18.Bb4 b6 19.Bxc5  1-0

[Event "Open"]
[Site "Bad Woerishofen GER"]
[Date "2006.03.18"]
[Round "2"]
[White "Marxen,P"]
[Black "Michalczak,T"]
[Result "0-1"]
[WhiteElo "2165"]
[BlackElo "2361"]

1.e4 c5 2.c3 Nf6 3.e5 Nd5 4.d4 cxd4 5.cxd4 d6 6.Nf3 e6 7.Bc4 Nc6 8.O-O Be7
9.Bxd5 exd5 10.Nc3 Be6 11.exd6 Bxd6 12.Bg5 f6 13.Re1 Kf7 14.Bh4 Qd7 15.Bg3 Bb4
16.Qd2 Bg4 17.Re3 Rae8 18.Rd1 Re4 19.Rd3 Rhe8 20.Qc1 Bxf3 21.gxf3 R4e7 22.Qb1 Qh3
23.a3 Bxc3 24.bxc3 Na5 25.Rf1 Nc4 26.Qb5 Re1  0-1

[Event "Open"]
[Site "Bad Woerishofen GER"]
[Date "2006.03.18"]
[Round "2"]
[White "Waldschmidt,G"]
[Black "Starostits,I"]
[Result "1/2-1/2"]
[WhiteElo "2185"]
[BlackElo "2493"]

1.e4 c5 2.c3 Nf6 3.e5 Nd5 4.d4 cxd4 5.Nf3 e6 6.cxd4 d6 7.Bc4 Be7 8.O-O Nc6
9.exd6 Qxd6 10.Nc3 Nxc3 11.bxc3 O-O 12.Re1 b6 13.Bd3 Bb7 14.Ng5 Bxg5 15.Bxg5 Qd5
16.Qg4 f5 17.Qg3 Rf7 18.Bc2 Na5 19.Re5 Qd7 20.Bb3 Nxb3 21.axb3 b5 22.Qd3 Bd5
23.c4 Be4 24.Qd2 bxc4 25.bxc4 h6 26.Be3 Rb8 27.f3 Ba8 28.d5 exd5 29.cxd5 Qd6
30.Qd4 Kh7 31.Rd1 Rb4 32.Qa1 f4 33.Re6 Qb8 34.Bc5 Rc4 35.Bf2 Qb3 36.d6 Ra4
37.Qb1+ Qxb1 38.Rxb1 Bc6 39.h4 a5 40.Rc1 Bd7 41.Re4 Ra2 42.Rcc4 Rd2 43.Rcd4  1/2-1/2

[Event "2nd Bundesliga West 2005-6"]
[Site "Austria AUT"]
[Date "2006.03.19"]
[Round "11"]
[White "Besner,B"]
[Black "Gaertner,G"]
[Result "1/2-1/2"]
[WhiteElo "2114"]
[BlackElo "2352"]

1.e4 c5 2.c3 Nf6 3.e5 Nd5 4.d4 cxd4 5.Qxd4 e6 6.Bc4 Nc6 7.Qe4 Nde7 8.Nf3 Ng6
9.O-O Qc7 10.Re1 b6 11.Nbd2 Bb7 12.Qe2 O-O-O 13.Ba6 f6 14.Bxb7+ Kxb7 15.Nc4 Ncxe5
16.Ncxe5 Nxe5 17.Nxe5 fxe5 18.Bg5 Rc8 19.Qxe5 Qxe5 20.Rxe5 Rc5 21.Rae1 Bd6
22.Rxc5 bxc5 23.c4 Kc6 24.g3 a5 25.a4 Rb8 26.Rb1 Rb3 27.Bd2 Be5 28.Bxa5 Rxb2
29.Rxb2 Bxb2 30.Kf1 d5 31.Ke2 dxc4 32.f3 g6 33.Ke3 Bd4+ 34.Ke4 Kb7 35.Bd8 Ka6
36.Bc7 Bc3 37.Bd8 Bd2 38.Bc7 Ba5 39.Be5 Bd2 40.Bc7 h5 41.h3 Kb7 42.Bd8 Kc6
43.g4 Kd7 44.Bb6 Kd6 45.gxh5 gxh5 46.Bd8 Kd7 47.Bf6 Kc6 48.Be7 Bc3 49.Bd8 Bd4
50.Bg5 Kb6 51.Bd8+ Ka6 52.Bc7 Bf6 53.Ke3 Kb7 54.Ba5 Bd4+ 55.Ke4 Bf6 56.Ke3 Ka6
57.Bc7 Bc3 58.Bd8 Ba5 59.Bf6 Bc7 60.Bc3 Bh2 61.Ke4 Bd6 62.Ke3 Bf8 63.Ke4 Bh6
64.f4 Kb6 65.Kf3 Kc6 66.Ke4 Kd6 67.Be5+ Kd7 68.Ke3 Kc6 69.Kd2 Bf8 70.Kc3 Kd5
71.a5 Kc6 72.Kxc4 Be7 73.Bb8  1/2-1/2

[Event "TCh-HUN 2005-6"]
[Site "Hungary HUN"]
[Date "2006.03.19"]
[Round "9"]
[White "Vajda,L"]
[Black "Almasi,Z"]
[Result "0-1"]
[WhiteElo "2526"]
[BlackElo "2646"]

1.e4 c5 2.c3 Nf6 3.e5 Nd5 4.d4 cxd4 5.Nf3 Nc6 6.cxd4 d6 7.Bc4 e6 8.O-O Be7
9.Qe2 O-O 10.Nc3 dxe5 11.dxe5 Nxc3 12.bxc3 Qa5 13.Bd2 Rd8 14.Bd3 Bd7 15.Rab1 Rab8
16.Qe4 g6 17.Rfe1 Be8 18.Bc4 Qa4 19.Qe2 Na5 20.Bd3 Bc6 21.Nd4 Qxa2 22.f3 Qd5
23.Kh1 Be8 24.Bh6 Nc6 25.Nxc6 Bxc6 26.Bc4 Qc5 27.Qa2 Bd5 28.Bxd5 Rxd5 29.c4 Rd3
30.Qc2 Qd4 31.Re4 Qd7 32.Be3 b6 33.h4 Bxh4 34.c5 Rc8 35.Qe2 Bg3 36.cxb6 axb6
37.f4 Rd8 38.Rg1 Qe7 39.Qg4 Rxe3 40.Rxe3 Bf2  0-1

[Event "Open"]
[Site "Bad Woerishofen GER"]
[Date "2006.03.20"]
[Round "4"]
[White "Kugelmann,W"]
[Black "Saravanan,V1"]
[Result "0-1"]
[WhiteElo "2198"]
[BlackElo "2329"]

1.e4 c5 2.c3 Nf6 3.e5 Nd5 4.d4 cxd4 5.Nf3 Nc6 6.cxd4 d6 7.Bc4 Nb6 8.Bb3 dxe5
9.dxe5 Qxd1+ 10.Bxd1 g6 11.O-O Bg7 12.Re1 Nc4 13.Ba4 Bd7 14.Bxc6 Bxc6 15.Nbd2 Nxd2
16.Bxd2 Bd5 17.Bc3 O-O 18.Nd4 a6 19.a3 Rfc8 20.Rad1 e6 21.Ne2 Rc4 22.Rd4 Rac8
23.Rxc4 Rxc4 24.Nd4 Bf8 25.Nc2 Rc8 26.Ne3 Bxa3 27.Nxd5 exd5 28.Rd1 Bf8 29.Rxd5 Bb4
30.Rd3 Bxc3 31.bxc3 Kf8 32.Kf1 Ke7 33.f4 Rc4 34.g3 Ra4 35.Rd4 Ra2 36.Rb4 b5
37.g4 Ra3  0-1

[Event "Victor Ciocaltea Mem"]
[Site "Bucharest ROM"]
[Date "2006.03.20"]
[Round "13"]
[White "Lemmers,O"]
[Black "Pap,M"]
[Result "1/2-1/2"]
[WhiteElo "2425"]
[BlackElo "2402"]

1.e4 c5 2.c3 Nf6 3.e5 Nd5 4.Nf3 d6 5.Bc4 Nb6 6.Bb3 d5 7.d4 cxd4 8.cxd4 Bf5
9.Nh4 Bd7 10.O-O e6 11.Qg4 Bb5 12.Rd1 Nc6 13.Nc3 Ba6 14.Na4 h6 15.Be3 Nc4
16.Bxc4 Bxc4 17.b3 Ba6 18.Rac1 g5 19.Nf3 Ba3 20.Rc2 Nb4 21.Rcd2 b6 22.Qh5 Kd7
23.Ne1 Rc8 24.Ra1 Qg8 25.Rdd1 Qg6 26.Qf3 Rc7 27.Bc1 Bxc1 28.Rdxc1 Rhc8 29.Qd1 Nd3
30.Rxc7+ Rxc7 31.Qd2 Nxe1 32.Qxe1 Qc2 33.h3 Kc8 34.Qb4 Qd3 35.Qf8+ Kb7 36.Qb4 Qb5
37.Qf8 h5 38.Re1 Qd3 39.Qb4 Qb5 40.Qf8 Qd3 41.Qb4 Qb5 42.Qf8  1/2-1/2

[Event "ch-LTU"]
[Site "Vilnius LTU"]
[Date "2006.03.20"]
[Round "3"]
[White "Slapikas,V"]
[Black "Dambrauskas,V"]
[Result "1-0"]
[WhiteElo "2337"]
[BlackElo "2361"]

1.e4 c5 2.c3 Nf6 3.e5 Nd5 4.d4 cxd4 5.Nf3 e6 6.cxd4 b6 7.Nc3 Nxc3 8.bxc3 Bb7
9.Bd3 Qc7 10.O-O d6 11.Bf4 Nc6 12.Re1 dxe5 13.Bxe5 Nxe5 14.Nxe5 Bd6 15.Bb5+ Kf8
16.Qh5 g6 17.Qh6+ Kg8 18.Re3 Qd8 19.Rae1 Qf8 20.Qh3 Kg7 21.Be2 Bxe5 22.dxe5 Qe7
23.Qg3 Rad8 24.h4 Rd2 25.h5 Rxa2 26.Qh2 Rd8 27.h6+ Kg8 28.Qf4 Rad2 29.Bf3 Bxf3
30.Rxf3 Rd1 31.Re3 Rxe1+ 32.Rxe1 Rd5 33.Re4 Qd8 34.Kh2 a5 35.Rc4 Kf8 36.Rc6 Qb8
37.Rxe6 Qd8 38.Rf6 Qc7 39.Rd6 Rxd6 40.exd6 Qd8 41.Qe5 f6 42.Qe6 a4 43.g3 a3
44.Kg1 a2 45.Qxa2 Qxd6 46.Qa8+ Kf7 47.Qb7+ Ke6 48.Qxh7 Qd1+ 49.Kg2 Qd5+ 50.f3 Qd2+
51.Kh3 Qd1 52.Qxg6 Qf1+ 53.Kg4  1-0

[Event "ch-LTU"]
[Site "Vilnius LTU"]
[Date "2006.03.21"]
[Round "5"]
[White "Slapikas,V"]
[Black "Malisauskas,V"]
[Result "0-1"]
[WhiteElo "2337"]
[BlackElo "2503"]

1.e4 c5 2.c3 Nf6 3.e5 Nd5 4.g3 d6 5.exd6 Qxd6 6.Bg2 Nc6 7.Na3 Bf5 8.Qe2 Qd7
9.Nf3 Bh3 10.Bxh3 Qxh3 11.d3 e6 12.Bd2 Be7 13.O-O-O O-O 14.Rhg1 Qg4 15.Qe4 Nf6
16.Qxg4 Nxg4 17.Be3 Rfd8 18.h3 Nge5 19.Nxe5 Nxe5 20.Kc2 Nf3 21.Rh1 Rd5 22.Nc4 Rad8
23.Nd2 Nxd2 24.Rxd2 e5 25.g4 f6 26.f4 exf4 27.Bxf4 Kf7 28.Re1 Bd6 29.Bxd6 R8xd6
30.Re4 Re6 31.Rde2 Rdd6 32.Kd2 Rb6 33.b3 Ra6 34.a4 Rab6 35.b4 cxb4 36.cxb4 g6
37.Rd4 Rxe2+ 38.Kxe2 Ke6 39.Ke3 f5 40.Kf4 fxg4 41.hxg4 h6 42.g5 h5 43.Rc4 Kd5
44.b5 a6 45.bxa6 bxa6 46.Rc1 Re6 47.Rc4 Re5 48.Rc5+ Kxc5 49.Kxe5 h4 50.d4+ Kb6
51.Ke6 h3 52.d5 h2  0-1

[Event "Open"]
[Site "Bad Woerishofen GER"]
[Date "2006.03.22"]
[Round "6"]
[White "Graf,C"]
[Black "Braun,P"]
[Result "1/2-1/2"]
[WhiteElo "2156"]
[BlackElo "2257"]

1.e4 c5 2.c3 Nf6 3.e5 Nd5 4.d4 cxd4 5.cxd4 e6 6.Nf3 d6 7.a3 Nc6 8.Bd3 g6
9.O-O Bg7 10.Qe2 O-O 11.Qe4 dxe5 12.dxe5 Qc7 13.Re1 b6 14.Bd2 Bb7 15.Qe2 Rfd8
16.b4 Rac8 17.Ra2 Qb8 18.Rc2 Nde7 19.Bc3 Rd7 20.b5 Nd8 21.a4 Rdc7 22.Bb4 Rxc2
23.Bxc2 Qc7 24.Be4 Bxe4 25.Qxe4 Nd5 26.Bd6 Qc4 27.Nbd2 Qxe4 28.Rxe4 Nc3 29.Rc4 Rxc4
30.Nxc4 Bf8 31.Bb8 Nxa4 32.Bxa7 Bc5 33.Nfd2 Nc3 34.Bxb6 Bxb6 35.Nxb6 Nxb5  1/2-1/2

[Event "Sozina Open"]
[Site "Bar SCG"]
[Date "2006.03.22"]
[Round "5"]
[White "Savic,Miod1"]
[Black "Bojovic,Z"]
[Result "1-0"]
[WhiteElo "2517"]
[BlackElo "2161"]

1.e4 c5 2.c3 Nf6 3.e5 Nd5 4.Nf3 e6 5.g3 d6 6.Bg2 dxe5 7.Nxe5 Nd7 8.Nf3 Be7
9.d4 O-O 10.O-O b6 11.c4 Ba6 12.cxd5 Bxf1 13.Kxf1 exd5 14.dxc5 Nf6 15.c6 Qc8
16.Nd4 Bc5 17.Nc3 Re8 18.Bf4 Bxd4 19.Qxd4 Qxc6 20.Bf3 Rad8 21.Bg5 Rd6 22.Rd1 Qd7
23.Kg2 Qf5 24.Qf4 Qd7 25.Nb5 Rc6 26.Nd4 Rd6 27.Nf5 Rde6 28.Rc1 Ne4 29.Rc7 Qb5
30.Nh6+  1-0

[Event "Sozina Open"]
[Site "Bar SCG"]
[Date "2006.03.22"]
[Round "5"]
[White "Mihaljevic,M"]
[Black "Brajovic,R"]
[Result "0-1"]
[WhiteElo "2112"]
[BlackElo "2274"]

1.e4 c5 2.c3 Nf6 3.e5 Nd5 4.d4 cxd4 5.cxd4 d6 6.Nf3 Nc6 7.Bc4 Nb6 8.Bxf7+ Kxf7
9.e6+ Kg8 10.Ng5 Qe8 11.d5 Nd8 12.b3 h6 13.Nh3 Qg6 14.O-O Qf6 15.Qd3 Nxd5
16.Qxd5 Bxe6 17.Qd3 Qxa1 18.Na3 Rc8 19.Bd2 Qb2 20.Nf4 Bf7 21.Rb1 Qxa3 22.h4 Qa6
23.Qh3 e6 24.h5 Rc5 25.Re1 Re5 26.Be3 Qa5 27.Rc1 Nc6  0-1

[Event "Sozina Open"]
[Site "Bar SCG"]
[Date "2006.03.22"]
[Round "5"]
[White "Lajthajm,B"]
[Black "Vuckovic,Bo"]
[Result "1/2-1/2"]
[WhiteElo "2464"]
[BlackElo "2506"]

1.e4 c5 2.c3 Nf6 3.e5 Nd5 4.Nf3 Nc6 5.d4 cxd4 6.cxd4 d6 7.exd6 Qxd6 8.Nc3 g6
9.Bc4 Nb6 10.Bb3 Bg7 11.O-O O-O 12.Bg5 Bg4 13.h3 Bxf3 14.Qxf3 Qd7 15.d5 Nd4
16.Qe4 Nxb3 17.axb3 Rfe8 18.Rfd1 Nc8 19.Be3 Nd6 20.Qb4 a6  1/2-1/2

[Event "22nd Spring Festival Open"]
[Site "Budapest HUN"]
[Date "2006.03.23"]
[Round "1"]
[White "Lovas,Z"]
[Black "Galyas,M"]
[Result "1/2-1/2"]
[WhiteElo "2104"]
[BlackElo "2374"]

1.e4 c5 2.c3 Nf6 3.e5 Nd5 4.d4 cxd4 5.cxd4 d6 6.exd6 Qxd6 7.Nc3 Nc6 8.Nf3 Bg4
9.Be2 e6 10.O-O Be7 11.Ne4 Qd8 12.h3 Bh5 13.Ng3 Bg6 14.Ne5 Nxe5 15.dxe5 O-O
16.Bh5 Qb6 17.Bxg6 hxg6 18.Ne4 Rac8 19.Re1 Rc4 20.b3 Rc6 21.Qe2 Rfc8 22.Bd2 Qd4
23.Qf3 Qxe5 24.Ng5 Qf5 25.Qg3 Bxg5 26.Bxg5 f6 27.Be3 a6 28.a3 g5 29.b4 Rc2
30.Rac1 Rxc1 31.Bxc1 Rc2 32.Be3 Kh7 33.Qg4 Nxe3 34.Qh5+  1/2-1/2

[Event "ch-LTU"]
[Site "Vilnius LTU"]
[Date "2006.03.24"]
[Round "9"]
[White "Slapikas,V"]
[Black "Sarakauskas,G"]
[Result "0-1"]
[WhiteElo "2337"]
[BlackElo "2453"]

1.e4 c5 2.c3 Nf6 3.e5 Nd5 4.d4 cxd4 5.Nf3 e6 6.cxd4 d6 7.a3 Bd7 8.Bd3 Bc6
9.O-O Nd7 10.b4 a6 11.Qe2 dxe5 12.dxe5 Qb6 13.Bd2 Be7 14.Nc3 O-O 15.Rfd1 Rfd8
16.Rac1 Nf8 17.Nxd5 Rxd5 18.Be4 Ba4 19.Bxd5 Bxd1 20.Qxd1 exd5 21.Be3 Qd8
22.Bc5 Bxc5 23.Rxc5 Rc8 24.Rxc8 Qxc8 25.h3 Qc4 26.Nd4 Ne6 27.Nf5 d4 28.Qf3 d3
29.Qxb7 Qc1+ 30.Kh2 Qf4+ 31.Kg1 Qxe5 32.Qxa6 d2 33.Ne3 Qxe3 34.Qa8+ Nf8 35.fxe3 d1=Q+
36.Kh2 Qb3 37.Qa6 g6 38.b5 Kg7 39.a4 Ne6 40.Qa7 h5 41.b6 Qxe3 42.a5 Nf4 43.Qa8 Ne2  0-1

[Event "TCh-AUT 2005-6"]
[Site "Austria AUT"]
[Date "2006.03.25"]
[Round "10"]
[White "Lendwai,R"]
[Black "Freitag,M"]
[Result "1-0"]
[WhiteElo "2427"]
[BlackElo "2419"]

1.e4 c5 2.c3 Nf6 3.e5 Nd5 4.d4 cxd4 5.Nf3 Nc6 6.Bc4 Nb6 7.Bb3 d5 8.exd6 Qxd6
9.O-O Be6 10.Bxe6 Qxe6 11.Nxd4 Qd7 12.Nxc6 Qxd1 13.Rxd1 bxc6 14.a4 e5 15.a5 Nd5
16.Nd2 Be7 17.Nc4 f6 18.Be3 Kf7 19.Kf1 Rhb8 20.Rd2 Ke6 21.Re1 g5 22.Bxg5 fxg5
23.Nxe5 Kd6 24.c4 Kc7 25.cxd5 Bb4 26.d6+ Kb7 27.a6+ Kxa6 28.Ra1+ Kb7 29.Rd4 Bc5
30.Rd3 Rf8 31.f3 Rad8 32.Rad1 Rf5 33.Nc4 Rf4 34.Rc1 Bb4 35.Rb3 c5 36.Re3 Kc6
37.b3 a5 38.g3 Rd4 39.Rc2 Kb5 40.Ke2 a4 41.bxa4+ Kxa4 42.d7 Rxc4 43.Rxc4 Rxd7
44.Rc2 Rc7 45.Ra2+ Kb5 46.f4 gxf4 47.gxf4 Rf7 48.Kf3 Kc6 49.Ra6+ Kd5 50.Re5+ Kc4
51.Rc6 Kd4 52.h4 Rd7 53.h5 Ra7 54.h6 Ra3+ 55.Kg4 c4 56.Rb5 Bd2 57.Rd6+ Kc3
58.Rb7 Ra1 59.Rxh7 Rg1+ 60.Kf3 Rf1+ 61.Ke2 Re1+ 62.Kf2 Rh1 63.Rf7 Kc2 64.h7  1-0

[Event "22nd Spring Festival Open"]
[Site "Budapest HUN"]
[Date "2006.03.25"]
[Round "3"]
[White "Horvath,Je"]
[Black "Kahn,E"]
[Result "0-1"]
[WhiteElo "2122"]
[BlackElo "2312"]

1.e4 c5 2.c3 Nf6 3.e5 Nd5 4.d4 cxd4 5.cxd4 e6 6.Nc3 Nxc3 7.bxc3 d6 8.exd6 Bxd6
9.Nf3 Qc7 10.Bd2 b6 11.Bd3 Bb7 12.O-O Nd7 13.Qe2 O-O 14.Be4 Bxe4 15.Qxe4 Nf6
16.Qd3 Rac8 17.a4 Qc4 18.Qb1 Qd5 19.Qb5 Ne4 20.Qb2 Rc7 21.Rfc1 Rfc8 22.Be1 g5
23.h3 h5 24.Nh2 Bf4 25.Rc2 f5 26.Nf1 g4 27.h4 Kh7 28.g3 Bh6 29.Ra3 Rc4 30.Re2 Qc6
31.a5 b5 32.a6 b4 33.cxb4 Bc1 34.Qa2 Bxa3 35.Qxa3 Qb5 36.d5 exd5 37.Ne3 Rc1
38.Qb2 Nc3 39.Nxf5 Nxe2+ 40.Kh2 d4 41.Nd6 Rxe1 42.Nxb5 Rcc1  0-1

[Event "VIII Rector Cup"]
[Site "Kharkiv UKR"]
[Date "2006.03.31"]
[Round "5"]
[White "Kislinsky,A"]
[Black "Simonian,H"]
[Result "1/2-1/2"]
[WhiteElo "2384"]
[BlackElo "2280"]

1.e4 c5 2.c3 Nf6 3.e5 Nd5 4.Nf3 e6 5.Bc4 d6 6.d4 cxd4 7.cxd4 Nc6 8.Qe2 Be7
9.O-O O-O 10.Re1 Na5 11.Bxd5 exd5 12.Nc3 Be6 13.Bf4 Nc6 14.Rad1 dxe5 15.Nxe5 Nxe5
16.Bxe5 Qd7 17.Rd3 Rae8 18.Re3 Bb4 19.h3 f6 20.Bf4 Bf7 21.Qf3 Bxc3  1/2-1/2

[Event "TCh-FRA Top 16 Gp A"]
[Site "Montpellier FRA"]
[Date "2006.04.02"]
[Round "7"]
[White "Howell,D"]
[Black "Relange,E"]
[Result "1-0"]
[WhiteElo "2486"]
[BlackElo "2490"]

1.e4 c5 2.c3 Nf6 3.e5 Nd5 4.Nf3 e6 5.Bc4 d6 6.d4 cxd4 7.cxd4 Bd7 8.Bxd5 exd5
9.Nc3 Bc6 10.Qe2 dxe5 11.Nxe5 Be7 12.O-O O-O 13.Re1 Bf6 14.Bf4 Nd7 15.Rad1 Re8
16.Qg4 Nf8 17.Bg3 Qb6 18.Re2 Bxe5 19.Bxe5 Ng6 20.h4 Qd8 21.h5 Qh4 22.Qf5 Nxe5
23.dxe5 g6 24.hxg6 hxg6 25.Qd3 Rad8 26.Qd4 Qxd4 27.Rxd4 f6 28.exf6 Kf7 29.Red2 Re5
30.f4 Re6 31.Ne4 Ree8 32.g4 Rd7 33.Nc5 Rc7 34.g5 b6 35.Nd3 Ke6 36.Re2+ Kd6
37.Ne5 Kc5 38.Rd3 d4 39.Rc2+ Kd5  1-0

[Event "TCh-FRA Top 16 Gp A"]
[Site "Montpellier FRA"]
[Date "2006.04.02"]
[Round "7"]
[White "Guadalpi,C"]
[Black "Collas,S"]
[Result "0-1"]
[WhiteElo "1902"]
[BlackElo "2398"]

1.e4 c5 2.c3 Nf6 3.e5 Nd5 4.d4 cxd4 5.Nf3 e6 6.cxd4 d6 7.Nc3 Nxc3 8.bxc3 Qc7
9.Bd2 Nd7 10.exd6 Bxd6 11.Bd3 b6 12.O-O Bb7 13.h3 O-O 14.Ng5 Nf6 15.Qe2 Bh2+
16.Kh1 Bf4 17.Bxf4 Qxf4 18.Nf3 Rac8 19.Rac1 Bxf3 20.Qxf3 Qxf3 21.gxf3 Nd5
22.c4 Nf4 23.Bb1 Ne2  0-1

[Event "4th V.Nabokov Mem"]
[Site "Kyiv UKR"]
[Date "2006.04.04"]
[Round "2"]
[White "Solomaha,A"]
[Black "Pavlov,S2"]
[Result "0-1"]
[WhiteElo "2344"]
[BlackElo "2451"]

1.e4 c5 2.c3 Nf6 3.e5 Nd5 4.d4 cxd4 5.cxd4 e6 6.Nc3 Nxc3 7.bxc3 d5 8.f4 Qc7
9.Bd2 Nc6 10.Nf3 Na5 11.Bd3 Nc4 12.Qb3 Bd7 13.O-O Be7 14.Be1 g6 15.Rf2 O-O-O
16.Nd2 Na5 17.Qc2 Kb8 18.Nf1 Nc4 19.Qe2 Rc8 20.g4 h5 21.f5 gxf5 22.gxf5 Rcg8+
23.Kh1 Rg5 24.Rg2 exf5 25.Rxg5 Bxg5 26.Qg2 Bh6 27.Bh4 Qc8 28.Ng3 Rg8 29.Qc2 Ne3
30.Qb2 f4 31.Nxh5 Bg4 32.Be2 f3 33.Nf6 fxe2 34.Nxg8 Qf5  0-1

[Event "7th ch-Euro w"]
[Site "Kusadasi TUR"]
[Date "2006.04.07"]
[Round "4"]
[White "Mamedjarova,T"]
[Black "Lomineishvili,M"]
[Result "1/2-1/2"]
[WhiteElo "2308"]
[BlackElo "2418"]

1.e4 c5 2.c3 Nf6 3.e5 Nd5 4.d4 cxd4 5.Qxd4 e6 6.Nf3 Nc6 7.Qe4 d6 8.Bb5 Bd7
9.c4 Nb6 10.exd6 Bxd6 11.O-O a6 12.Rd1 Qe7 13.Bg5 f6 14.Be3 Nc8 15.Ba4 O-O
16.c5 Bc7 17.Nc3 Be8 18.Bb3 Bf7 19.Nd4 Nxd4 20.Qxd4 Na7 21.Qd7 Rfe8 22.f4 Nc6
23.Ne4 Red8 24.Qxe7 Nxe7 25.Nd6 Bxd6 26.cxd6 Nd5 27.Bxd5 exd5 28.Bc5 b6 29.Ba3 a5
30.Rac1 b5 31.Bc5 Rd7 32.a3 Re8 33.Re1 Rxe1+ 34.Rxe1 Bg6 35.g4 Be4 36.Kf2 Kf7
37.Ke3 Rd8 38.Kd4 Rc8 39.Re3 Ke6 40.Rb3 Rb8 41.a4 b4 42.f5+ Kd7 43.Rh3 h6
44.b3 Kc6 45.Re3 Rh8 46.Rg3  1/2-1/2

[Event "Mephisto Schloss Open A"]
[Site "Werther GER"]
[Date "2006.04.07"]
[Round "2"]
[White "Karpatchev,A"]
[Black "Van der Lijn,B"]
[Result "1-0"]
[WhiteElo "2530"]
[BlackElo "2244"]

1.e4 c5 2.c3 Nf6 3.e5 Nd5 4.Nf3 e6 5.d4 cxd4 6.cxd4 d6 7.Bc4 Nb6 8.Bd3 Bd7
9.O-O Bc6 10.Nc3 N8d7 11.Bf4 dxe5 12.dxe5 Nc5 13.Bb5 Bxb5 14.Nxb5 Nd5 15.Bg5 Qd7
16.Qe2 h6 17.Be3 Nxe3 18.fxe3 a6 19.Nc3 Qd3 20.Qf2 Be7 21.Rad1 Qf5 22.Qe2 b5
23.b4 Ne4 24.Nxb5 axb5 25.Qxb5+ Kf8 26.Qc6 Re8 27.Nd4 Qxe5 28.Nxe6+ Kg8 29.Qxe8+ Kh7
30.Qxf7 Bxb4 31.Rd5  1-0

[Event "Mephisto Schloss Open A"]
[Site "Werther GER"]
[Date "2006.04.08"]
[Round "4"]
[White "Karpatchev,A"]
[Black "Halkias,S"]
[Result "1/2-1/2"]
[WhiteElo "2530"]
[BlackElo "2528"]

1.e4 c5 2.c3 Nf6 3.e5 Nd5 4.d4 cxd4 5.cxd4 d6 6.Bc4 e6 7.Nf3 Nb6 8.Bd3 Bd7
9.O-O Bc6 10.Nc3 N8d7 11.Bf4 dxe5 12.dxe5 Nc5 13.Bc2 Be7 14.Nd4 O-O 15.Nxc6 bxc6
16.Qg4 Qc7 17.Rae1 Rfd8 18.Re3 g6 19.h4 Nc4 20.h5 Nxe3 21.fxe3 Bf8 22.hxg6 hxg6
23.b4 Nd3 24.Ne4 Bg7 25.Nf6+ Bxf6 26.exf6 Qb6 27.a3 Rd5 28.Bxd3 Rxd3 29.Qh4 Qd8
30.Rf3 Rd1+ 31.Kh2 Rd5 32.Rg3 Rf5 33.Bg5 Qd1 34.Qh6 Qh5+ 35.Qxh5 gxh5 36.e4 Rf1
37.Bh4+ Kh8 38.Rg5 Rd8 39.Rxh5+ Kg8 40.Rg5+ Kf8 41.Ra5 Rf4 42.Rh5 Kg8 43.Rg5+ Kf8
44.Rh5  1/2-1/2

[Event "CCF Easter"]
[Site "Coulsdon ENG"]
[Date "2006.04.09"]
[Round "1"]
[White "Khantuev,A"]
[Black "Lyell,Ma"]
[Result "1/2-1/2"]
[WhiteElo "2286"]
[BlackElo "2235"]

1.e4 c5 2.c3 Nf6 3.e5 Nd5 4.d4 cxd4 5.Nf3 e6 6.cxd4 d6 7.a3 Bd7 8.Bd3 Bc6
9.O-O Nd7 10.b4 a6 11.Bd2 Rc8 12.a4 b5 13.Na3 dxe5 14.axb5 axb5 15.Nxb5 e4
16.Bg5 f6 17.Re1 exd3 18.Na7 Kf7 19.Nxc8 Qxc8 20.Qxd3 Bxb4 21.Bd2 Qc7 22.Rac1 Qd6
23.Qa6 Nb8 24.Qa7+ Qe7 25.Qa2 Rc8 26.Bxb4 Nxb4 27.Qb1 g6 28.Rc4 N8a6 29.Rc3 Bb7
30.Rxc8 Bxc8 31.Qe4 Bb7 32.Qf4 Bxf3 33.Qxf3 Nc7 34.h4 Qd6 35.Qb7 Nd5 36.Qc8 Qf8
37.Qd7+ Qe7 38.Qc8 Qe8 39.Qb7 Qa8 40.Qb2 Nf4 41.f3 Qc6 42.Qd2 Qd6 43.Kf2 Nh5
44.Kg1 Qf4 45.Qxf4 Nxf4 46.g3 Nfd5 47.Rb1 f5 48.f4 Ke7 49.Rb8 Nf6 50.Kf2 Ncd5
51.Kf3 Kd6 52.Rc8 Ne4 53.Rh8 Ndf6 54.Ra8 Kd5 55.Ra6 Nh5 56.Ra7 Nhf6 57.Ra6 h6
58.Ra8 g5 59.Rd8+ Kc4 60.hxg5 hxg5 61.fxg5 Nxg5+ 62.Kf4 Nf7 63.Rf8 Nd5+ 64.Kf3 Ng5+
65.Kg2 Kxd4 66.Rg8 Ne4 67.Kf3 Nd2+ 68.Ke2 Nc4 69.Re8 e5 70.Rf8 Ke4 71.Kf2 Nce3
72.Rf7 Nc3 73.Rf8 Ng4+ 74.Kg2 Nd5 75.Kh3 Nde3 76.Rf7 Kf3 77.Rxf5+ Ke4 78.Rf8 Kd3
79.Kh4 e4 80.Kg5 Ke2 81.Kf4 Nf2 82.Re8 Ng2+ 83.Kf5 Kf3 84.g4 e3 85.Rxe3+ Nxe3+
86.Ke5 Nd3+ 87.Kf6 Nd5+ 88.Ke6 N3f4+ 89.Kf7 Nd3 90.g5 Ne5+ 91.Ke6 Ke4 92.g6 Nf4+
93.Ke7 Nd5+ 94.Ke6 Nc7+ 95.Ke7 Ng4 96.g7 Nh6 97.g8=Q Nxg8+ 98.Kd6  1/2-1/2